BIBLIOTHÈQUE DE LA MAISON DU MEXIQUE

Logo 1 Logo 2

Documentos selectos del Centro de Estudios de Historia de México (notice nᵒ 233)

détails MARC
000 -Sello discográfico
campo de control de longitud fija 00912nam a2200325 4500
005 - Identificación de versión
campo de control 20260512125806.0
010 ## - Número Estándar Internacional de Libros (ISBN)
Número (ISBN) 968-6815-03-1
035 ## - Otros números de control del sistema
Número de control del sistema 24963
099 ## - fechas locales
Tipo de ítem Koha LIBRO
100 ## - Datos de procesamiento general
Datos de procesamiento general 19941020d1992 m y1spay5003 ba
101 ## - Idioma del recurso
Idioma del texto, banda sonora, etc. Español; Castellano
105 ## - Campo de datos codificados: Material textual, monográfico
Datos codificados de monografía a 001zy
200 1# - Título y mención de responsabilidad
Título propio Documentos selectos del Centro de Estudios de Historia de México
Designación general del material texto impreso
Otra información del título 1493-1913
Primer mención de responsabilidad presentación Manuel Ramos Medina
210 ## - Publicación, distribución, etc.
Lugar de publicación, distribución, etc. México
Nombre del editor, distribuidor, etc. Grupo Condumex
Fecha de publicación, distribución, etc. 1992
215 ## - Descripción física
Designación de material específico y extensión del ítem 185 p
Otras características físicas il.
Dimensiones 35 cm
345 ## - Nota de información de adquisición
Fuente de adquisición/dirección de la suscripción [OBSOLETO] Donación Condumex
607 ## - Nombre geográfico utilizado como tema
Elemento de entrada México
Subdivisión temática Historia
-- Fuentes
Número Koha 761
660 ## - Código de área geográfica
Código MX
702 ## - Nombre personal - Responsabilidad secundaria
Elemento de entrada Ramos Medina
Parte del nombre distinta del elemento de entrada Manuel
Número Koha 762
710 ## - Nombre de entidad corporativa - Responsabilidad primaria
Elemento de entrada Centro de Estudios de Historia de México
Adición al nombre o calificador Condumex
Número Koha 763
801 #0 - Fuente de origen
País FR
Agencia cm
Reglas de catalogación (convenciones descriptivas) AFNOR
942 ## - ELEMENTOS DE ENTRADA SECUNDARIOS (KOHA)
Tipo de ítem Koha Livre
Exemplaires
Estatus retirado Estado de daño Estado de pérdida Fecha de adquisición Biblioteca de origen Biblioteca actual Ubicación en estantería Código de barras Precio de reemplazo Signatura topográfica completa No para préstamo Tipo de ítem Koha Nota pública Nota no pública
      05/08/2025 Casa México Paris Casa México Paris   001323 05/08/2025 F972 C397D No se presta a domicilio Livre 20200312LIV 751145101